000 01995nam a22003497a 4500
001 102549
003 KnowledgeUnlatched
005 20210303105220.0
006 m o d
007 cr u||||||||||
008 210129p20172019nyu o u00| u eng d
037 _5BiblioBoard
245 0 0 _aDylan's Autobiography of a Vocation
_bA Reading of the Lyrics 1965-1967 /
_cLouis A. Renza.
020 _a9781501328541
029 1 _ahttps://library.biblioboard.com/ext/api/media/49059473-422e-4324-a3af-f51b1a743c9c/assets/thumbnail.jpg
040 _aScCtBLL
_cScCtBLL
100 1 _aRenza, Louis A.
_eauthor.
264 1 _bBloomsbury Academic,
300 _a1 online resource (226 p.)
506 0 _aAccess copy available to the general public.
_fUnrestricted
_2star
520 _aMany critics have interpreted Bob Dylan's lyrics, especially those composed during the middle to late 1960s, in the contexts of their relation to American folk, blues, and rock 'n' roll precedents; their discographical details and concert performances; their social, political and cultural relevance; and/or their status for discussion as "poems." Dylan's Autobiography of a Vocation instead focuses on how all of Dylan's 1965-1967 songs manifest traces of his ongoing, internal "autobiography" in which he continually declares and questions his relation to a self-determined existential summons.
588 0 _aDescription based on print version record.
590 _aKU Select 2018: HSS Backlist Books
650 7 _aMusic / Lyrics
_2bisacsh
650 0 _aMusic
655 0 _aElectronic books.
758 _iIs found in:
_aKnowledge Unlatched
_1https://openresearchlibrary.org/module/2774bc74-146a-484f-a7ba-ab1d6a09bbfb
856 4 0 _uhttps://openresearchlibrary.org/content/49059473-422e-4324-a3af-f51b1a743c9c
_zView this content on Open Research Library.
_70
999 _c33912
_d33912